000 02894nam0a2200349 4500
001 RU\NLR\BIBL_A\012883466
005 20221026170920.0
010 _a978-5-9906930-3-6
_920
021 _aRU
_bКН-П-22-046826
_9КН-П-22-4043
035 _a(NLR Aleph) 012883466
035 _a(RuMoRGB)011147677
090 _a12527637
_c12527637
100 _a20220907d2022 k y0rusy50 ca
101 0 _arus
102 _aRU
105 _aac||z|||000zy
181 0 _ai
_baxxe
182 0 _an
200 1 _aФинансовая дисциплина как фактор макроэкономической стабилизации
_eмонография
_fЕ. Г. Булгаков
_gпод общей редакцией доктора экономических наук, профессора Р. М. Гусейнова
203 _aТекст
_bвизуальный
_cнепосредственный
205 _aИзд. 2-е, доп. и перераб.
210 _aНовосибирск
_c[б. и.]
_d2022
215 _a141, [1] с.
_cцв. ил., портр.
_d29
320 _aБиблиогр.: с. 88-96 (174 назв.)
330 _aМонография освещает непростую проблему финансовой дисциплины и ее влияния на макроэкономическую стабилизацию. Автор показывает, что главная дестабилизирующая проблема российской экономики-это теневой сектор, борьба с которым требует действенного финансового контроля. Автор доказывает необходимость централизации финансового контроля, предлагает и обосновывает гипотезу создания единого органа государственного финансового контроля в России, основанную на том, что он должен иметь право не только наказывать, но и смягчать или отменять санкции. Предлагаются проекты законов о независимом высшем органе финансового контроля России и о внесении изменений и дополнений в статьи Уголовного кодекса Российской Федерации, которые, бесспорно, заинтересуют законодательные органы
606 1 _aФинансовый контроль
_91325299
_3RU\NLR\AUTH\66235445
686 1 _aУ26(0)17
700 1 _aБулгаков
_bЕ. Г.
_f1967-
_gЕвгений Геннадьевич
942 _cBOOK
980 _aNB